Statistics for disney channel: jessie

Click here to take the quiz!

General Stats

  • This quiz has been taken 3,049 times
  • The average score is 5 of 7

Answer Stats

HintAnswer% Correct
What is the name of the youngest Ross?Zuri
94%
is the oldest Ross a boy or a girl?girl
93%
Who owns Mr Kipling?Ravi
87%
how many Ross children were adopted?Three
77%
who is in love with Jessie?Tony
73%
who is there annyoning neighbour?Mrs Chesterfield
44%
Who is called Mr Kipling?The lizard
24%

Score Distribution

Percentile by Number Answered

Percent of People with Each Score

Your Score History

You have not taken this quiz